Cambridge first cetificate grammar and usage

Spremljeno u:
Bibliografski detalji
Glavni autor: BOB OBEE
Format: Knjiga
Jezik:Undetermined
Izdano: Cambridge, UK Cambridge Univ. Press 1998
Teme:
Oznake: Dodaj oznaku
Bez oznaka, Budi prvi tko označuje ovaj zapis!
Thư viện lưu trữ: Trung tâm Học liệu Trường Đại học Cần Thơ
LEADER 00541nam a2200169Ia 4500
001 CTU_49218
008 210402s9999 xx 000 0 und d
082 |a 428.24 
082 |b O.12 
100 |a BOB OBEE 
245 0 |a Cambridge first cetificate grammar and usage 
245 0 |c BOB OBEE 
260 |a Cambridge, UK 
260 |b Cambridge Univ. Press 
260 |c 1998 
650 |a english language - textbooks for foreign speakers,english language - examinations - study guides 
980 |a Trung tâm Học liệu Trường Đại học Cần Thơ